Central Library OPAC University of Rajshahi

Marine fisheries ecosystem : (Record no. 37059)

MARC details
000 -LEADER
fixed length control field 01062nam a2200301 a 4500
001 - CONTROL NUMBER
control field 37059
003 - CONTROL NUMBER IDENTIFIER
rucl marc code BD-RjUL
005 - DATE AND TIME OF LATEST TRANSACTION
control field 20211209052555.0
008 - FIXED-LENGTH DATA ELEMENTS--GENERAL INFORMATION
fixed length control field 141012s1981 enka b 001 0 eng
020 ## - INTERNATIONAL STANDARD BOOK NUMBER
International Standard Book Number 0852381166
035 ## - SYSTEM CONTROL NUMBER
System control number (BD-RjUL)37161
040 ## - CATALOGING SOURCE
Original cataloging agency DLC
Transcribing agency DLC
Modifying agency DLC
-- WaU
-- BD-RjUL
Language of cataloging eng
041 ## - LANGUAGE CODE
Language code of text/sound track or separate title eng
082 00 - DEWEY DECIMAL CLASSIFICATION NUMBER
Classification number 639.200724
Edition number 19
Author mark and year LAM 1981
100 1# - MAIN ENTRY--PERSONAL NAME
Personal name Laevastu, Taivo.
9 (RLIN) 113306
245 10 - TITLE STATEMENT
Title Marine fisheries ecosystem :
Remainder of title its quantitative evaluation and management /
Statement of responsibility, etc. Taivo Laevastu and Herbert A. Larkins.
260 ## - PUBLICATION, DISTRIBUTION, ETC. (IMPRINT)
Place of publication, distribution, etc. Farnham, Surrey, England :
Name of publisher, distributor, etc. Fishing News Books,
Date of publication, distribution, etc. c1981.
300 ## - PHYSICAL DESCRIPTION
Pagination xiv, 162 p. :
Illustrations ill. ;
Size 26 cm.
504 ## - BIBLIOGRAPHY, ETC. NOTE
Bibliography, etc Includes bibliography: p. 146-148 and index.
650 #0 - SUBJECT ADDED ENTRY--TOPICAL TERM
Topical term or geographic name as entry element Fisheries
General subdivision Mathematical models.
9 (RLIN) 113307
Topical term or geographic name as entry element Fishery management
General subdivision Mathematical models.
9 (RLIN) 113308
Topical term or geographic name as entry element Marine ecology
General subdivision Mathematical models.
9 (RLIN) 113309
Topical term or geographic name as entry element Marine ecosystem management.
9 (RLIN) 113310
700 1# - ADDED ENTRY--PERSONAL NAME
Personal name Larkins, Herbert A.
942 ## - ADDED ENTRY ELEMENTS (KOHA)
Source of classification or shelving scheme Dewey Decimal Classification
Koha item type Books
Holdings
Lost status Source of classification or shelving scheme Damaged status Not for loan Collection code Permanent Location Current Location Shelving location Date acquired Source of acquisition Total Checkouts Full call number Date last seen Copy number Koha item type
  Dewey Decimal Classification   Not For Loan Non-fiction Institute of Biological Sciences (IBSc) Library Institute of Biological Sciences (IBSc) Library   12/10/2014 British council   639.200724 LAM 1981 12/10/2014 C-1 Books